[Event "27th Seacost Trophy 2017"]
[Site "Eforie Nord"]
[Date "2017.06.28"]
[Round "10"]
[White "Bulmaga, Irina"]
[Black "Schitco, Ivan"]
[Result "0-1"]
[WhiteElo "2415"]
[BlackElo "2091"]
[Annotator "TA"]
[PlyCount "129"]
[EventDate "2017.??.??"]
[EventType "swiss"]
[EventCountry "ROU"]
[SourceTitle "playchess.com"]
[Source "ChessBase"]
[SourceQuality "1"]

{[%evp 18,129,15,16,18,11,30,-31,-23,-26,-36,-51,-29,-19,-18,-19,-22,-15,-12,-34,-19,-24,-28,-32,-18,-12,-31,-40,-28,-27,-20,-27,-18,-174,-158,-327,-328,-332,-360,-361,-359,-435,-427,-447,-440,-440,-438,-430,-386,-433,-279,-273,-278,-279,-262,-282,-218,-241,-206,-200,0,-225,-227,-262,-214,-387,-298,-314,-318,-362,-349,-329,-345,-354,-264,-272,0,-349,-347,-333,-316,-319,-266,-267,-222,-231,-225,-340,-325,-404,-388,-397,-403,-484,-481,-452,-442,-529,-430,-981,-917,-2004,-1912,-29982,-29983,-29983,-29984,-29984,-29985,-29985,-29986,-29987,-29988,-29988]} 1. Nf3 d5 2. g3 c6 3. Bg2 Bf5 4. O-O Nf6 5. d3 h6 6. Nbd2 e6 7. Qe1 Be7 8. e4 Bh7 9. Qe2 O-O 10. b3 {LiveBook: 57 Games} c5 {A07: Réti Opening: New York and Capablanca Systems} (10... a5 11. a3 c5 12. Bb2 Nc6 13. Rfe1 a4 14. exd5 exd5 15. bxa4 Rxa4 16. Rab1 b5 17. Ne5 Nxe5 18. Bxe5 {1-0 (64) Vorobiov,E (2585)-Geller,J (2549) Pardubice 2013}) 11. Bb2 Nc6 12. Rfd1 $146 ({Better is} 12. Ne5 $11) ({Predecessor:} 12. Ne5 Nxe5 13. Bxe5 Nd7 14. Bb2 Bf6 15. e5 Be7 16. f4 b5 17. g4 c4 18. Bd4 cxd3 19. cxd3 {½-½ (30) Valiente,C (2234)-Sieiro Gonzalez,L (2361) Asuncion 2009}) 12... Qc7 $15 {Black is slightly better.} 13. h3 Rad8 14. a3 b5 15. exd5 exd5 16. a4 bxa4 17. Rxa4 Rfe8 18. Rda1 a5 (18... Nd7 $5 {[%cal Re7f6]} 19. Re1 Nb4 $11) 19. Qd1 Nd7 20. Bc3 {[%cal Rc3a5]} Bf6 21. Bxf6 Nxf6 22. Nh4 Re7 23. Nf1 Rde8 24. Nf3 Qd7 25. d4 $2 (25. g4 $11 {and White has nothing to worry.}) 25... Ne4 $36 {[%mdl 2048] ...Nc3 is the strong threat. Black is really pushing.} 26. Ne5 $2 (26. Rxa5 $17 {was forced.} Nxa5 27. Rxa5) 26... Nxe5 27. Bxe4 Bxe4 ({Inferior is} 27... dxe4 28. dxe5 Qxh3 29. Ne3 $11) 28. dxe5 Rxe5 (28... Qxh3 $2 29. f3 $19) 29. g4 d4 30. Rxa5 Bb7 31. Ra7 Qc6 {[%csl Gb7][%cal Rc6h1] [#]} 32. Rxb7 Qxb7 33. Qd3 Qe4 34. Qxe4 Rxe4 {[%mdl 4096] Endgame KRR-KRN} 35. Ra5 Rc8 36. Ra4 Re6 37. Kg2 Rb8 38. Ra5 Rc8 39. Ra4 $1 Kf8 40. Kf3 Rf6+ 41. Kg3 $2 (41. Kg2 {was the only chance.}) 41... Rd6 42. Nd2 d3 43. c3 Re8 44. Ra1 Rde6 45. Nf3 Rb8 46. Nd2 Rbe8 47. Nf3 $1 Re2 48. Rd1 Rd8 49. Nd2 Ke7 50. Kf3 g6 {[%cal Bg7g6,Bg6f5][%mdl 32]} 51. Ne4 Rc2 52. Ke3 (52. c4 $142) 52... f5 53. gxf5 gxf5 54. Nxc5 Rxc3 55. Nxd3 Rxb3 56. Ke2 Kf6 57. f3 Ra3 58. Rd2 (58. f4 $142) 58... Kg5 59. Ke3 Kh4 60. Rd1 {[#]} Rdxd3+ $1 {[%mdl 512] Black mates.} 61. Rxd3 Rxd3+ 62. Kxd3 Kxh3 63. Kd4 Kg3 64. Ke5 f4 65. Kd4 {Precision: White = 44%, Black = 59%.} 0-1

[Event "27th Seacost Trophy 2017"]
[Site "Eforie Nord"]
[Date "2017.06.28"]
[Round "10"]
[White "Peptan, Corina-Isabela"]
[Black "Mihailov, Iulian"]
[Result "1/2-1/2"]
[WhiteElo "2403"]
[BlackElo "2054"]
[Annotator "NA"]
[PlyCount "87"]
[EventDate "2017.??.??"]
[EventType "swiss"]
[EventCountry "ROU"]
[SourceTitle "playchess.com"]
[Source "ChessBase"]
[SourceQuality "1"]
[TimeControl "5400+30"]

1. d4 {[%emt 0:00:00]} Nf6 {[%emt 0:00:01]} 2. c4 {[%emt 0:00:01]} e6 {[%emt 0:00:02]} 3. Nf3 {[%emt 0:00:06]} Bb4+ {[%emt 0:00:05]} 4. Bd2 {[%emt 0:00:25]} Qe7 {[%emt 0:00:13]} 5. g3 {[%emt 0:01:23]} Nc6 {[%emt 0:01:16]} 6. Bg2 {[%emt 0:00:23]} Bxd2+ {[%emt 0:00:30]} 7. Nbxd2 {[%emt 0:00:06]} d6 {[%emt 0:01:36]} 8. O-O {[%emt 0:02:34]} O-O {[%emt 0:00:05]} 9. e4 {[%emt 0:06:24]} e5 {[%emt 0:00:09]} 10. d5 {[%emt 0:00:04]} Nb8 {[%emt 0:00:11]} 11. b4 {[%emt 0:00:19]} a5 {[%emt 0:00:47]} 12. a3 {[%emt 0:00:13]} Na6 {[%emt 0:01:05]} 13. Qb3 {[%emt 0:30:59]} Bd7 {[%emt 0:03:08] E11: Bogo-Indian} 14. Rfc1 {[%emt 0:00:24]} axb4 {[%emt 0:06:27]} (14... Rfb8 15. Ne1 axb4 16. axb4 c5 17. dxc6 bxc6 18. Nc2 Nc7 19. Rxa8 Rxa8 20. Ne3 g6 21. Qd3 {½-½ (52) Beliavsky,A (2654)-Hertneck,G (2541) Saint Vincent 2000}) 15. axb4 {[%emt 0:00:07]} c5 {[%emt 0:03:08]} 16. dxc6 {[%emt 0:00:42]} (16. b5 $5 {[%cal Rb5a6]} Nb4 17. Ne1 $11) 16... bxc6 {[%emt 0:00:25]} 17. Qc3 {[%emt 0:04:15]} Rfe8 $146 {[%emt 0:05:45]} ({Predecessor:} 17... c5 18. b5 Nb4 19. Rcb1 Be6 20. Ne1 Nd7 21. Nf1 {1-0 (39) Llorente Zaro,A (2367)-Villuendas Valero,A (2170) Zaragoza 2006}) 18. Bf1 {[%emt 0:10:23]} c5 {[%emt 0:36:43]} 19. b5 {[%emt 0:00:23]} Nb4 {[%emt 0:00:12]} 20. Rxa8 {[%emt 0:01:27]} Rxa8 {[%emt 0:00:01]} 21. Ra1 {[%emt 0:00:13]} Qd8 {[%emt 0:00:47]} 22. Ne1 {[%emt 0:00:44]} Be6 {[%emt 0:00:35]} 23. Nd3 {[%emt 0:02:34]} Nxd3 {[%emt 0:07:53]} 24. Bxd3 {[%emt 0:01:10]} Nd7 {[%emt 0:00:27]} 25. Nb3 {[%emt 0:16:27]} Rxa1+ {[%emt 0:01:11]} 26. Qxa1 {[%emt 0:00:08]} Nb6 {[%emt 0:00:07]} 27. Qa5 {[%emt 0:01:45]} Qb8 {[%emt 0:00:52]} 28. Nd2 {[%emt 0:00:17]} f6 {[%emt 0:00:37]} 29. h4 {[%emt 0:02:39]} Kf8 {[%emt 0:00:36]} 30. Kh2 {[%emt 0:00:35]} Ke7 {[%emt 0:00:15]} 31. Bf1 {[%emt 0:00:40]} Kd8 {[%emt 0:08:09]} 32. Bh3 {[%emt 0:06:41]} Bf7 $11 {[%emt 0:00:25]} 33. Bf1 {[%emt 0:01:44]} Kc7 {[%emt 0:00:36]} 34. Be2 {[%emt 0:03:58]} Qa8 {[%emt 0:00:24]} 35. Qc3 {[%emt 0:00:08]} Qa4 {[%emt 0:03:35]} 36. Kg2 {[%emt 0:00:04]} Qb4 {[%emt 0:02:39]} 37. Qd3 {[%emt 0:01:24]} Na4 {[%emt 0:02:56]} 38. Qc2 {[%emt 0:00:23]} Nb6 {[%emt 0:03:28]} 39. Bd3 {[%emt 0:02:20]} Qa4 {[%emt 0:00:34]} 40. Qc1 {[%emt 0:00:38]} Qa2 {[%emt 0:00:46]} 41. Qc3 {[%emt 0:00:55]} Qa4 {[%emt 0:01:02]} 42. Qc1 {[%emt 0:00:43]} Qa2 {[%emt 0:00:26]} 43. Qc3 {[%emt 0:01:23]} Qa4 {[%emt 0:00:15]} 44. Qc1 {[%emt 0:01:16]} 1/2-1/2

[Event "27th Seacost Trophy 2017"]
[Site "Eforie Nord"]
[Date "2017.06.28"]
[Round "10"]
[White "Soltanici, Ruslan"]
[Black "Manolache, Marius"]
[Result "1-0"]
[WhiteElo "2393"]
[BlackElo "2507"]
[Annotator "TA"]
[PlyCount "87"]
[EventDate "2017.??.??"]
[EventType "swiss"]
[EventCountry "ROU"]
[SourceTitle "playchess.com"]
[Source "ChessBase"]
[SourceQuality "1"]

{[%evp 20,87,45,34,66,61,111,64,27,0,18,14,18,35,92,111,146,134,130,96,173,136,161,136,166,154,157,111,118,120,176,159,163,150,154,145,141,128,575,591,568,567,815,810,809,730,679,732,683,0,446,413,498,272,1802,1802,1734,1639,1097,1075,29972,29973,29983,29984,29987,29988,29988,29989,29995,29990]} 1. e4 g6 2. d4 Bg7 3. Nc3 d6 4. f4 a6 5. Nf3 b5 6. Bd3 Nd7 7. a4 {B06: Modern Defence} (7. e5 c5 8. Be4 Rb8 9. Be3 cxd4 10. Bxd4 dxe5 11. fxe5 e6 12. O-O Ne7 13. Qe1 O-O 14. a4 b4 15. Ne2 {0-1 (49) Anand,V (2793)-Caruana,F (2829) London 2014}) 7... b4 8. Ne2 {[%cal Bc3e2,Be2g3,Bg3e4,Be4c5][%mdl 32]} c5 9. c3 Bb7 10. O-O cxd4 11. cxd4 {LiveBook: 4 Games} Ngf6 12. e5 Nd5 13. Ng3 $146 ({Predecessor:} 13. Ng5 dxe5 14. fxe5 O-O {1-0 (32) Khairullin,I (2650)-Dzhangobegov,V (2381) Moscow 2013}) 13... O-O 14. Qe2 Rc8 {With the idea ...Rxc1!} 15. Bd2 dxe5 16. fxe5 Rc6 ({Black should play} 16... a5 $14) 17. a5 $16 Nb8 18. Ne4 Bc8 19. Nc5 Nc7 (19... Bg4 $16 {was necessary.}) 20. h3 Ne6 21. Nxe6 ({And not} 21. Bxb4 Nxd4 22. Qe3 Nxf3+ 23. Rxf3 Nd7 $11) 21... Bxe6 22. Bxb4 Bd5 {White must now prevent ...Bxf3.} 23. Bc3 f6 24. Nd2 fxe5 (24... Qc7 $16 25. exf6 exf6) 25. Rxf8+ Qxf8 26. dxe5 Qc8 27. Rf1 Nd7 28. Be4 Rc5 $2 {[%mdl 8192]} (28... Bxe4 $16 {is more resistant.} 29. Qxe4 (29. Nxe4 Nxe5 30. Qd2 Qc7 $16) 29... Nc5) 29. Bxd5+ $18 Rxd5 30. Qf3 Qc5+ 31. Kh1 {White wants to mate with Qf7+.} h6 32. Qf7+ Kh7 33. Ne4 Qc4 34. Nd2 ({Less strong is} 34. e6 Ne5 $14) 34... Qc5 $1 35. Nf3 Qb5 36. Nh4 (36. Re1 $142 {e6 is the strong threat.} e6 37. Qxe6) 36... Qd3 $2 {[#]} (36... Nxe5 37. Bxe5 Rxe5) 37. Nxg6 $1 {[%mdl 512]} Qxg6 38. Qxd5 Nf8 39. Qf7 Qd3 40. e6 {White mates.} Nxe6 41. Re1 Nd4 42. Rxe7 {[%csl Ge7][%cal Rf7g7]} Qb1+ 43. Kh2 {[%csl Ge7][%cal Rf7g7]} Nf5 {[#]} 44. Qxf5+ $1 {[%mdl 512] Precision: White = 65%, Black = 39%.} 1-0

[Event "27th Seacost Trophy 2017"]
[Site "Eforie Nord"]
[Date "2017.06.28"]
[Round "10"]
[White "Petre, Nad-Titus"]
[Black "Nanu, Costica-Ciprian"]
[Result "1/2-1/2"]
[WhiteElo "2334"]
[BlackElo "2509"]
[Annotator "TA"]
[PlyCount "76"]
[EventDate "2017.??.??"]
[EventType "swiss"]
[EventCountry "ROU"]
[SourceTitle "playchess.com"]
[Source "ChessBase"]
[SourceQuality "1"]

{[%evp 10,76,10,8,17,24,46,52,50,44,88,87,117,58,105,70,83,60,60,65,66,60,60,60,60,60,60,60,60,60,60,60,62,60,108,97,104,89,97,98,112,118,116,117,117,70,68,63,75,75,81,81,81,81,81,81,87,87,89,54,54,54,54,54,54,0,54,0,295]} 1. e4 c5 2. Be2 (2. Nf3 d6 3. d4 cxd4 4. Nxd4 Nf6 5. Nc3 Bd7 6. f3 e5 7. Nb3 Be7 8. Be3 O-O 9. Qd2 a5 10. a4 Na6 11. Bb5 Be6 12. Nd5 Bxd5 13. exd5 Nb4 {½-½ (37) Anand,V (2786)-Carlsen,M (2832) Stavanger 2017}) 2... Nc6 3. f4 g6 4. Nf3 d5 5. d3 Bg7 6. O-O {LiveBook: 39 Games. B31: Sicilian: 2...Nc6 3 Bb5 g6} Bg4 7. c3 dxe4 8. dxe4 {White is slightly better.} Qxd1 9. Rxd1 e5 10. fxe5 $146 ({Predecessor:} 10. Na3 Nf6 11. h3 Be6 12. Nb5 O-O {1-0 (23) Maljutin,E-Shilov,Y Voroshilovgrad 1989}) 10... Nge7 {[%cal Bg8e7,Be7g6,Bg6f4][%mdl 32]} 11. Bf4 (11. Na3 $16) 11... h6 12. Na3 g5 13. Bg3 O-O 14. Nc4 Ng6 15. Rd5 b6 $1 16. h3 Be6 17. Rd6 Rac8 18. a4 Kh7 19. Rad1 Nf4 20. Bf1 Rc7 21. Kf2 Bxc4 22. Bxc4 {Black must now prevent Bxf4.} Nxe5 23. Nxe5 Bxe5 24. Rd7 Kg6 25. Rxc7 Bxc7 26. Rd7 Bb8 27. Rb7 f5 28. Bxf4 Bxf4 $14 {[%mdl 4096] Endgame KRB-KRB} 29. Bd3 Rf7 30. exf5+ Kf6 31. Rxf7+ Kxf7 $16 {KB-KB} 32. Kf3 Bc1 33. b3 Bb2 34. c4 Ke7 $1 35. Kg4 Kf6 36. Kh5 Kg7 37. Kg4 Kf6 38. Kh5 (38. Bb1 $14) 38... Ke5 $2 {[%mdl 40960] Precision: White = 69%, Black = 63%. . An unexpected result.} (38... Kg7 $1 $11 {and Black has nothing to worry.}) 1/2-1/2

[Event "27th Seacost Trophy 2017"]
[Site "Eforie Nord"]
[Date "2017.06.28"]
[Round "10"]
[White "Bonte, Andrei-Mihai"]
[Black "Istratescu, Andrei"]
[Result "0-1"]
[WhiteElo "2310"]
[BlackElo "2593"]
[Annotator "TA"]
[PlyCount "89"]
[EventDate "2017.??.??"]
[EventType "swiss"]
[EventCountry "ROU"]
[SourceTitle "playchess.com"]
[Source "ChessBase"]
[SourceQuality "1"]

{[%evp 18,89,25,0,0,0,8,-11,24,29,36,0,0,-57,0,-47,0,0,18,0,-6,-12,0,0,5,0,0,-8,0,-13,-20,-27,-21,-29,-14,-16,-14,-17,-8,-13,-14,-26,-16,-125,-126,-100,-118,-259,-260,-245,-250,-348,-346,-327,-347,-356,-312,-349,-329,-566,-565,-620,-611,-568,-551,-1414,-1352,-29955,-29955,-10430,-10430,-29992,-29993,-29993]} 1. e4 c5 2. Nf3 Nc6 3. d4 cxd4 4. Nxd4 Nf6 5. Nc3 d6 6. Be2 g6 7. O-O Bg7 8. Be3 O-O 9. Qd2 Bd7 10. Kh1 Nxd4 {B73: Sicilian Dragon: Classical System without 9 Nb3} 11. Bxd4 Bc6 12. f3 Nd7 {The position is equal.} (12... e5 $5 {[%cal Re5d4]} 13. Be3 d5 14. exd5 Nxd5 $11) 13. Bxg7 Kxg7 14. f4 $146 ({Predecessor:} 14. b4 Nf6 15. Rad1 Qb6 16. a3 a5 17. b5 Bd7 18. Na4 {1-0 (35) Shiven,K (2391)-Slavin,A (2412) London 2011}) 14... Qb6 15. f5 ({White should play} 15. a3 $11) 15... f6 (15... Qxb2 $15 16. Rab1 Qa3) 16. Bc4 Ne5 17. Bb3 a5 18. Nd5 Bxd5 19. Bxd5 Rfc8 20. c3 Rc7 21. a4 Qa6 22. Qd4 Rb8 23. Kg1 (23. c4 $5) 23... b5 24. axb5 Qxb5 25. Rf2 Rc5 26. Be6 Qb6 27. h3 Rb5 (27... Nc6 $5 {[%cal Rc6d4]} 28. Qe3 Ne5 $11) 28. Qxb6 R8xb6 29. b3 Rc5 30. b4 (30. Re2 $11 {remains equal.}) 30... axb4 $17 31. cxb4 Rxb4 32. Ra7 {[#]} (32. Bd5 $17) 32... Nc6 $1 $19 {[%cal Rc6a7]} 33. Rc7 {With the idea Bd5.} Rxe4 34. g4 Kh6 35. Kg2 Re3 36. Rd2 Rcc3 37. Bd5 Ne5 38. Rxe7 $2 {[#]} (38. Rxc3 {was the only chance.} Rxc3 39. Bg8) 38... Rxh3 39. Bg8 Rhg3+ 40. Kf1 Nxg4 41. Bxh7 Rc1+ 42. Ke2 Rg2+ 43. Kd3 Ne5+ 44. Ke3 Re1+ 45. Kd4 {Precision: White = 19%, Black = 57%.} 0-1

[Event "27th Seacost Trophy 2017"]
[Site "Eforie Nord"]
[Date "2017.06.28"]
[Round "10"]
[White "Dragomirescu, Angela"]
[Black "Vasiliu, Cosmin"]
[Result "1-0"]
[WhiteElo "2228"]
[BlackElo "2016"]
[Annotator "NA"]
[PlyCount "97"]
[EventDate "2017.??.??"]
[EventType "swiss"]
[EventCountry "ROU"]
[SourceTitle "playchess.com"]
[Source "ChessBase"]
[SourceQuality "1"]
[TimeControl "5400+30"]

1. Nf3 {[%emt 0:01:16]} Nf6 {[%emt 0:00:32]} 2. g3 {[%emt 0:01:16]} g6 {[%emt 0:00:32]} 3. b3 {[%emt 0:00:07]} Bg7 {[%emt 0:00:12]} 4. Bb2 {[%emt 0:00:05]} O-O {[%emt 0:00:27]} 5. c4 {[%emt 0:01:22]} c6 {[%emt 0:03:31]} 6. Bg2 {[%emt 0:01:31]} d5 {[%emt 0:00:04]} 7. O-O {[%emt 0:00:27]} Bg4 {[%emt 0:01:59]} 8. h3 {[%emt 0:05:24]} Bxf3 {[%emt 0:00:10]} 9. Bxf3 {[%emt 0:00:04]} Nbd7 {[%emt 0:14:15]} 10. Qc2 {[%emt 0:12:04]} e5 {[%emt 0:02:28]} 11. d3 {[%emt 0:00:36]} (11. d4 $5 {[%cal Rd4e5]}) 11... Rc8 {[%emt 0:03:30]} 12. Nd2 {[%emt 0:01:56]} Re8 {[%emt 0:01:56]} 13. Rac1 $146 {[%emt 0:03:33] A11: English Opening: 1...c6} ({Predecessor:} 13. Rab1 Qe7 14. Rfd1 Qe6 15. Bg2 Nh5 16. Rdc1 d4 17. c5 Bf8 18. b4 Nhf6 19. Re1 Nd5 20. Qb3 a5 21. a3 axb4 22. axb4 b6 23. Bxd5 {½-½ (23) Miles,A (2375)-Cafferty,B (2355) Birmingham 1974}) 13... h5 {[%emt 0:09:53]} 14. Bg2 {[%emt 0:06:34]} Nb6 {[%emt 0:25:04]} 15. b4 {[%emt 0:17:35]} dxc4 {[%emt 0:06:14]} 16. Nxc4 {[%emt 0:08:06]} Nxc4 {[%emt 0:02:39]} 17. Qxc4 {[%emt 0:00:51]} Nd7 {[%emt 0:03:14]} 18. b5 {[%emt 0:06:38]} Nb8 {[%emt 0:07:43]} 19. Qb3 {[%emt 0:05:11]} Qd7 {[%emt 0:01:13]} 20. a4 {[%emt 0:00:37]} Qe6 {[%emt 0:00:40]} (20... a6 $14) 21. Qxe6 {[%emt 0:03:15]} Rxe6 {[%emt 0:00:15]} 22. Rc2 {[%emt 0:02:40]} a6 $16 {[%emt 0:03:57]} 23. Rb1 {[%emt 0:03:33]} axb5 {[%emt 0:01:21]} 24. axb5 {[%emt 0:00:03]} Rd8 {[%emt 0:02:47]} 25. Bc1 {[%emt 0:06:05]} cxb5 {[%emt 0:02:22]} 26. Bxb7 {[%emt 0:02:56]} Rb6 {[%emt 0:00:52]} 27. Bf3 {[%emt 0:00:15]} b4 {[%emt 0:00:50]} 28. Bg5 {[%emt 0:00:58]} f6 {[%emt 0:01:32]} 29. Be3 {[%emt 0:00:05]} Rb5 {[%emt 0:00:01]} 30. Rb3 {[%emt 0:02:38]} Bf8 {[%emt 0:00:10]} 31. Be4 {[%emt 0:01:14]} f5 {[%emt 0:01:29]} 32. Bg2 {[%emt 0:01:12]} Bd6 {[%emt 0:00:12]} 33. f4 {[%emt 0:01:10]} Re8 {[%emt 0:00:44]} 34. Kf2 {[%emt 0:00:08]} h4 {[%emt 0:00:19]} 35. gxh4 {[%emt 0:00:58]} exf4 {[%emt 0:01:50]} 36. Bd4 {[%emt 0:01:11]} Be7 {[%emt 0:00:46]} 37. h5 {[%emt 0:01:01]} gxh5 {[%emt 0:00:15]} 38. Bf3 {[%emt 0:00:17]} Rd8 {[%emt 0:01:11]} 39. Ba7 {[%emt 0:01:00]} Na6 {[%emt 0:01:41]} 40. d4 {[%emt 0:00:52]} Rd7 {[%emt 0:00:54]} 41. Bc6 {[%emt 0:00:21]} Rc7 {[%emt 0:00:25]} 42. Bxb5 {[%emt 0:00:07]} Rxc2 {[%emt 0:00:03]} 43. Bxa6 {[%emt 0:00:05]} Kg7 {[%emt 0:00:21]} 44. Bd3 {[%emt 0:00:31]} Rc1 {[%emt 0:00:20]} 45. Rb1 {[%emt 0:00:43]} Rc3 {[%emt 0:00:34]} 46. Bc5 {[%emt 0:01:25]} Bxc5 {[%emt 0:00:08]} 47. dxc5 {[%emt 0:00:01]} Rxc5 {[%emt 0:00:06]} 48. Rxb4 {[%emt 0:00:04]} Kf6 {[%emt 0:00:21]} 49. Rb5 1-0

[Event "27th Seacost Trophy 2017"]
[Site "Eforie Nord"]
[Date "2017.06.28"]
[Round "10"]
[White "Calin, Alexandru"]
[Black "Itkis, Boris"]
[Result "1-0"]
[WhiteElo "2081"]
[BlackElo "2371"]
[Annotator "NA"]
[PlyCount "96"]
[EventDate "2017.??.??"]
[EventType "swiss"]
[EventCountry "ROU"]
[SourceTitle "playchess.com"]
[Source "ChessBase"]
[SourceQuality "1"]
[TimeControl "5400+30"]

1. d4 {[%emt 0:00:00]} Nf6 {[%emt 0:00:07]} 2. Bg5 {[%emt 0:00:00]} e6 {[%emt 0:00:06]} 3. e4 {[%emt 0:00:00]} c5 {[%emt 0:00:05]} 4. d5 {[%emt 0:09:34]} h6 {[%emt 0:07:56] A45: Trompowsky Attack} 5. Bxf6 {[%emt 0:00:18]} Qxf6 {[%emt 0:00:06]} 6. Nc3 {[%emt 0:00:10]} a6 {[%emt 0:00:28]} 7. Nf3 {[%emt 0:00:46]} d6 {[%emt 0:00:04]} (7... e5 8. a4 d6 9. Be2 g6 10. O-O Bg7 11. Nd2 O-O 12. Nc4 {½-½ (38) Kanep,M (2485)-Piorun,K (2657) Tallinn 2016}) 8. a4 {[%emt 0:06:23]} Nd7 {[%emt 0:08:10]} 9. Be2 {[%emt 0:02:45] LiveBook: 7 Games} Qd8 $146 {[%emt 0:03:37]} ({Predecessor:} 9... Be7 $14 10. O-O O-O 11. Ra3 Rd8 12. Nd2 {½-½ (60) Naoum,S (2283)-Kelires,A (2464) Achaea 2016}) 10. dxe6 {[%emt 0:06:05]} fxe6 {[%emt 0:00:08]} 11. Nd2 {[%emt 0:00:02]} g6 {[%emt 0:07:04]} 12. O-O {[%emt 0:01:42]} Be7 {[%emt 0:02:15]} 13. Bc4 {[%emt 0:04:40]} Ne5 {[%emt 0:06:42]} 14. f4 {[%emt 0:02:31]} Nxc4 {[%emt 0:00:12]} 15. Nxc4 {[%emt 0:00:03]} O-O {[%emt 0:02:57]} 16. Qd3 {[%emt 0:00:51]} Kg7 {[%emt 0:01:55]} (16... Kh7 $16 17. Rad1 b5) 17. Rad1 {[%emt 0:01:44]} Bf6 {[%emt 0:03:44]} 18. Ne2 $2 {[%emt 0:02:43]} (18. e5 $18 {is the precise move to win.} dxe5 19. Qh3 (19. Nxe5 Qxd3 20. Rxd3 b5 $16) (19. fxe5 Be7 $18)) 18... d5 {[%emt 0:00:57]} 19. Ne5 {[%emt 0:10:45]} Qe8 {[%emt 0:31:42]} 20. exd5 {[%emt 0:02:53]} exd5 {[%emt 0:00:05]} 21. Qxd5 {[%emt 0:00:50]} Qe7 {[%emt 0:01:55]} 22. Ng3 {[%emt 0:01:28]} Bxe5 {[%emt 0:00:12]} 23. Rde1 {[%emt 0:08:23]} Qd6 {[%emt 0:03:49]} 24. Qxe5+ {[%emt 0:00:36]} Qxe5 {[%emt 0:00:01]} 25. Rxe5 {[%emt 0:00:22]} Bd7 {[%emt 0:00:26]} 26. a5 {[%emt 0:01:29]} Bb5 {[%emt 0:01:50]} 27. Re7+ {[%emt 0:06:10]} Rf7 {[%emt 0:00:08]} 28. Rfe1 {[%emt 0:00:24]} Bc6 {[%emt 0:03:20]} 29. f5 {[%emt 0:01:17]} Rd8 {[%emt 0:00:57]} 30. fxg6 $16 {[%emt 0:07:14]} Rxe7 {[%emt 0:00:14]} 31. Rxe7+ {[%emt 0:00:03]} Kxg6 {[%emt 0:00:06]} 32. Kf2 {[%emt 0:09:07]} Rd4 {[%emt 0:01:41]} 33. Re5 {[%emt 0:00:43]} Rd2+ {[%emt 0:02:41]} 34. Re2 {[%emt 0:00:14]} Rd4 {[%emt 0:01:02]} 35. Re6+ {[%emt 0:06:23]} Kf7 {[%emt 0:00:21]} 36. Re5 {[%emt 0:01:11]} Rd2+ {[%emt 0:02:17]} 37. Re2 {[%emt 0:00:09]} Rd4 {[%emt 0:00:34]} 38. b3 {[%emt 0:02:14]} Rb4 {[%emt 0:00:57]} 39. Ke1 {[%emt 0:02:15]} c4 {[%emt 0:00:23]} 40. Rf2+ {[%emt 0:00:20]} Kg6 {[%emt 0:01:57]} 41. Rf4 {[%emt 0:00:04]} Bxg2 {[%emt 0:00:52]} 42. Rg4+ {[%emt 0:00:03]} Kf7 {[%emt 0:01:56]} 43. Nf5 {[%emt 0:00:51]} Bd5 {[%emt 0:00:48]} 44. Rd4 {[%emt 0:01:21]} Be6 {[%emt 0:00:50]} 45. Nd6+ {[%emt 0:00:20]} Ke7 {[%emt 0:00:54]} 46. Nxc4 {[%emt 0:01:27]} Rb5 {[%emt 0:00:57]} 47. Kd2 {[%emt 0:00:57]} Rg5 48. h4 Rg3 1-0